| 000 | 00650nam a2200193 i 4500 | ||
|---|---|---|---|
| 001 | 128704 | ||
| 003 | ES-MaACL | ||
| 007 | t| | ||
| 008 | 070523s1953 sp ||||1| spa d | ||
| 080 | _a92(Vilaseca,Josefina) | ||
| 100 | 1 |
_aTarín Iglesias, Josep. _9109293 |
|
| 245 | 1 | 0 |
_aJosefina Vilaseca, la niña que supo defender su pureza / _cJosep Tarín Iglesias ; prólogo de Juan Perelló Pou, Obispo de Vich. |
| 260 |
_aBarcelona : _bBetis, _c1953. |
||
| 300 |
_a107 p. : _bil. ; _c19 cm. |
||
| 700 | 1 |
_aPerelló Pou, Juan, _d1870-1955 _986410 _cObispo de Vich, |
|
| 852 |
_aES-MaACL _jC-6277 _bR.34876 |
||
| 942 | _2udc | ||
| 999 |
_c128704 _d128704 |
||